00687cam a22002171 4500001001300000003000400013005001700017008004100034010001700075035002000092040001800112042001200130043001200142050001700154100002400171245013800195260005200333300002500385651004200410999001700452sa 68016114 DLC20260227112652.0890420s1967 io c 000 0 ind  asa 68016114  a(OCoLC)23546808 aDLCcMiUdDLC apremarc aa-io---00aHC447b.D4851 aDiah, B. M.,d1916-10aPidato Menteri Penerangan dalam briefing Pemerintah Pusat dengan kepala-kepala Perwakilan R. I. atase-atase pers dan ekonomi se-Asia. a[Djakarta]bDepartemen Penerangan R.I.c[1967?] a31 p.bport.c20 cm. 0aIndonesiaxEconomic conditionsy1945- c86918d86918